Sports Quiz

Random Sports or Football Quiz

True or False Blitz: Sports Quiz Stats

 Plays Quiz Updated Apr 22, 2018

Challenge
Share
Tweet
Embed
Score 0/20 Timer 02:00
16 Plays Today
Question Answer Wrong Answers
NBA
Magic Johnson played for the Lakers
True
84.1%
False
10.1%
MLB
The Diamondbacks are based in Denver
False
81.3%
True
12.9%
OLYMPICS
Tug of War used to be an Olympic sport
True
80.6%
False
13.8%
SPORTS
The sabre, epée and foil are types of equipment used in water polo
False
79.6%
True
14.6%
OLYMPICS
Nadia Comăneci achieved her perfect 10.0 score at the 1976 Olympic Games
True
78.8%
False
15.2%
TENNIS
A score of deuce means the score is 60-60
False
75.7%
True
18.6%
SPORTS
The world record for the men's triple jump is over 18 metres (59 feet)
True
69.6%
False
24.6%
WORLD CUP
Uruguay won the first FIFA World Cup
True
68.8%
False
25.3%
GOLF
The Solheim Cup is for women golfers
True
67.7%
False
26.5%
CRICKET
There are six balls in an over
True
67.5%
False
26.5%
SOCCER
Celtic is an association football team based in Wales
False
66.3%
True
27.9%
RUGBY
There are 15 players on a rugby union team
True
65.4%
False
28.7%
FOOTBALL
The first recorded game of American Football took place in 1829
False
61.6%
True
32.6%
SPORTS
In Snooker, the brown ball is worth four points
True
60%
False
34.2%
PREMIER LEAGUE
There are 22 teams in the Premier League
False
56.5%
True
37.6%
SPORTS
The backstroke is the slowest of the four competitive swimming strokes
False
52.6%
True
41.6%
SPORTS
After a white belt, the first belt that a martial arts novice is able to achieve is the green belt
False
49.6%
True
44.4%
OLYMPICS
The Olympic Games were held in Atlanta in 1992
False
48.4%
True
46%
AUTO RACING
Ayrton Senna won more Formula 1 Championships than Alain Prost
False
44%
True
50%
NHL
Tampa Bay Lightning is the Southern-most team in the NHL
False
43.7%
True
50.6%

You're not logged in!

Compare scores with friends on all Sporcle quizzes.
OR
Log In

You Might Also Like...

Show Comments

Extras

Top Quizzes Today


Score Distribution

Your Account Isn't Verified!

In order to create a playlist on Sporcle, you need to verify the email address you used during registration. Go to your Sporcle Settings to finish the process.

Report this User

Report this user for behavior that violates our Community Guidelines.

Details: